Statistics for US Cities with One Vowel

Click here to take the quiz!

General Stats

  • This quiz has been taken 36 times
  • The average score is 6 of 23

Answer Stats

Population City % Correct
617,594Boston
84%
1,197,816Dallas
81%
420,003Atlanta
72%
335,709Tampa
63%
600,158Denver
63%
136,286Savannah
28%
104,170Billings
28%
112,488Provo
25%
102,434Flint
25%
741,206Fort Worth
25%
324,528Santa Ana
22%
161,719Tempe
16%
242,803Norfolk
16%
116,468Santa Clara
13%
122,067Concord
9%
152,871Rockford
9%
291,707Stockton
6%
103,019Everett
3%
105,328Carlsbad
3%
226,876Garland
3%
106,433Arvada
3%
216,290Irving
3%
118,772Thornton
0%

Score Distribution

Percentile by Number Answered

Percent of People with Each Score

Your Score History

You have not taken this quiz